| 000 | 00508nam a22001811a 4500 | ||
|---|---|---|---|
| 001 | 431 | ||
| 003 | OSt | ||
| 005 | 20260204211652.0 | ||
| 008 | 031127s199 ||||x ||||||b||||||||||x || | ||
| 050 | _a863.44 E69c | ||
| 082 | _a808.83 E69c | ||
| 100 | _aEsquivel, Laura | ||
| 245 | _aComo agua para chocolate: Novela de entregas mensuales con recetas, amores y remedios caseros / Laura Esquivel | ||
| 264 | _a(S.L.): (S.N) | ||
| 300 | _a244 p. | ||
| 650 | _a1.Novela Breve 2.Remedios CaseroĆ | ||
| 942 |
_2ddc _cBK |
||
| 999 |
_c431 _d431 |
||